000 00313nam a22001337a 4500
008 170918b xxu||||| |||| 00| 0 eng d
020 _a0150040334
041 _aeng
080 _a7
100 _a44
101 _aART
245 _aFRONTIERS EUROPE PORTUGAL OF THE NAVIGATORS
_cMILTON.J
942 _2udc
_cBK
999 _c27934
_d27934